Astrophysique : Methodes physiques de l'observation

में बचाया:
ग्रंथसूची विवरण
मुख्य लेखक: Lena, Pierre
स्वरूप: पुस्तक
भाषा:Vietnamese
प्रकाशित: InterÉditions : CNRS Éditions 1996
टैग : टैग जोड़ें
कोई टैग नहीं, इस रिकॉर्ड को टैग करने वाले पहले व्यक्ति बनें!
Thư viện lưu trữ: Mạng thư viện Đại học Đà Nẵng
LEADER 00680nam a2200253 4500
001 000021497
003 17945
005 20150421160445.0
008 150421s1996 viesd
020 |c 00 
041 0 |a vie 
082 1 4 |a 523,01  |b LE-P 
100 1 |a Lena, Pierre 
245 1 0 |a Astrophysique : Methodes physiques de l'observation  |c Pierre Lena, Francois Lebrun, Francois Mignard 
260 |b InterÉditions : CNRS Éditions  |c 1996 
300 |a tr.  |c cm. 
OWN |a LSP 
999 |a From the UDN01 
TYP |a Monograph 
TYP |a Printed language 
980 |a Mạng thư viện Đại học Đà Nẵng